[Event "Sautron op 13th"]
[Site "Sautron"]
[Date "2013.10.??"]
[Round "1"]
[White "Beranger, Thierry"]
[Black "Equey, Daniel"]
[Result "0-1"]
[WhiteElo "1747"]
[BlackElo "1609"]
[PlyCount "28"]
[EventDate "2013.10.26"]
[EventType "swiss"]
[EventRounds "9"]
[EventCountry "FRA"]
[SourceTitle "EXT 2016"]
[Source "ChessBase"]
[SourceDate "2015.10.08"]
[SourceVersion "1"]
[SourceVersionDate "2015.10.08"]
[SourceQuality "1"]

1. f4 Nf6 2. g3 d5 3. Nf3 c5 4. Bg2 Nc6 5. 0-0 g6 6. d3 Bg7 7. c3 0-0 8. Qe1 d4 9. c4 Bd7 10. Na3 a6 11. e4 dxe3 12. Bxe3 b6 13. h3 Rc8 14. Rb1 Nb4 0-1

[Event "Rohde op 12th"]
[Site "Sautron"]
[Date "2012.11.??"]
[Round "7"]
[White "Beranger, Thierry"]
[Black "Noblet, Renald"]
[Result "1-0"]
[WhiteElo "1752"]
[BlackElo "2041"]
[PlyCount "57"]
[EventDate "2012.10.27"]
[EventType "swiss"]
[EventRounds "9"]
[EventCountry "FRA"]
[SourceTitle "EXT 2014"]
[Source "ChessBase"]
[SourceDate "2013.11.20"]
[SourceVersion "1"]
[SourceVersionDate "2013.11.20"]
[SourceQuality "1"]

1. f4 c5 2. Nf3 Nc6 3. g3 g6 4. Bg2 Bg7 5. 0-0 Nf6 6. d3 d5 7. Qe1 0-0 8. e4 dxe4 9. dxe4 e5 10. Nc3 Re8 11. Nh4 Nd4 12. Rf2 Bd7 13. h3 exf4 14. Bxf4 Bc6 15. Bg5 h6 16. Bxf6 Bxf6 17. Nf3 b5 18. Rd2 b4 19. Ne2 Nxf3+ 20. Bxf3 Qc8 21. Bg4 Qb7 22. Qf2 Bxb2 23. Rad1 Qb5 24. c4 bxc3 25. Rf1 Qc4 26. Rd6 Bxe4 27. Be6 Qxe6 28. Rxe6 f5 29. Rxg6+ 1-0

[Event "FRA-chT4 0506"]
[Site "France"]
[Date "2005.11.20"]
[Round "3"]
[White "Beranger, Thierry"]
[Black "Permeniter, Herve"]
[Result "1/2-1/2"]
[WhiteElo "1610"]
[BlackElo "1660"]
[PlyCount "81"]
[EventDate "2005.10.02"]
[EventType "team"]
[EventRounds "9"]
[EventCountry "FRA"]
[SourceTitle "EXT 2007"]
[Source "ChessBase"]
[SourceDate "2006.11.23"]
[SourceVersion "1"]
[SourceVersionDate "2006.11.23"]
[SourceQuality "1"]

1. f4 Nf6 2. Nf3 g6 3. Nc3 Bg7 4. e4 0-0 5. e5 Ne8 6. d4 d6 7. Bc4 c6 8. 0-0 b5 9. Bd3 b4 10. Ne2 Ba6 11. Bxa6 Nxa6 12. Nh4 e6 13. Qe1 Rb8 14. g4 dxe5 15. fxe5 Nac7 16. c4 a5 17. Nf3 Na8 18. b3 Rb7 19. Bf4 Rd7 20. Rd1 Nb6 21. Ng3 h6 22. Ne4 f6 23. Nc5 Re7 24. exf6 Nxf6 25. Ne5 Qe8 26. g5 Nh5 27. Qe4 Nxf4 28. Rxf4 Rxf4 29. Qxf4 hxg5 30. Qxg5 Bxe5 31. Qxe5 Nd7 32. Nxd7 Rxd7 33. Re1 Kf7 34. Rf1+ Kg8 35. Rf6 Re7 36. Qg5 Kg7 37. Qe5 Kg8 38. Qe4 Kg7 39. Qe5 Kg8 40. h4 Kh7 41. Qe4 1/2-1/2